000 02048nam a2200577 i 4500
001 43679
003 KOSZ 005
005 20211130075701.0
008 040113s2003 pl a f |001 0 pol
015 _aPB 2004/528
020 _a8373612092
035 _a991022181409705066
035 _a(PL-WaBN)b15986238-48omnis_nlop
035 _ab15986238
035 _a(OCoLC)69569465
035 _a(PL)b0000001598623
035 _a(EXLNZ-48OMNIS_NETWORK)9910241859205606
040 _aWA N
_cWA N
_dKOSZ 005/HR
041 1 _apol
_heng
046 _k2003
080 _a004.7
080 _a004.056
080 _a(07)
100 1 _aCheswick, William R.
_eAutor
245 1 0 _aFirewalle i bezpieczeństwo w sieci :
_bvademecum profesjonalisty /
_cWilliam R. Chestwick[!], Steven M. Bellovin, Aviel D. Rubin ; [tł. Arkadiusz Romanek, Witold Zioło].
246 1 _iTyt. oryg.:
_aFirewalls and Internet security,
_f2003
260 _aGliwice :
_b"Helion",
_ccop. 2003.
300 _a464 s. :
_brys., tab. ;
_c25 cm.
336 _2rdacontent
_aTekst
_btxt
337 _2rdamedia
_aBez urządzenia pośredniczącego
_bn
338 _2rdacarrier
_aWolumin
_bnc
380 _aKsiążki
380 _aPublikacje fachowe
388 _a2001-
490 1 _aVademecum Profesjonalisty
500 _aPoprawna nazwa pierwszego aut. w cop.
504 _aBibliogr. s. 429-448. Indeksy.
650 7 _aZapora ogniowa (informatyka)
_2DBN
650 7 _aBezpieczeństwo teleinformatyczne
655 7 _aPodręcznik
_2DBN
658 _aInformatyka i technologie informacyjne
700 1 _aBellovin, Steven M.
_eAutor
700 1 _aRubin, Aviel D.
_eAutor
700 1 _aRomanek, Arkadiusz
_eTłumaczenie
700 1 _aZioło, Witold
_eTłumaczenie
710 2 _aHelion
_4pbl
830 0 _aVademecum Profesjonalisty
856 _uhttp://koha.tu.koszalin.pl/cgi-bin/koha/opac-detail.pl?biblionumber=43679
_yKatalog online BPK
942 _2UKD
_cKS
999 _c43679
_d43679